000 00708nam a2200229Ia 4500
001 9632
003 GE_BSU
008 181216s||||||||xx |||||||||||||| ||und||
040 _cGE_BSU
080 _a821.353.1-31
100 _aმრელაშვილი,ლადო
245 _aყაბახი
245 _bრომანი:წიგნი 2
245 _cრედ:დემურხანაშვილი,ს.მხატვ:იანქოშვილი,ნ
260 _aთბილისი.
260 _bმერანი.
260 _c1969
300 _a371გვ.ნახატი 22სმ.
653 _aრომანი
653 _aყაბახი
942 _cBK
999 _c42916
_d42916